00733cam a2200217 450000100060000000300080000600500170001400800390003103500190007004000230008904100080011208200250012010000490014524501190019426000560031330000210036950400190039065000350040970000300044470000410047428246BD-RjUL20211209051245.0161202r19631959ilu b 001 0 eng a(BD-RjUL)28327 aDLCcDLCdDLCbeng aeng00a016.3bREA 1959-19631 aHoselitz, Bert F.q(Bert Frank),d1913-1995,12aA reader's guide to the social sciences /cEdited by Bert F. Hoselitz ; with chapters by Peter M. Blau ...[et al.] aGlencoe, Ill. :bFree Press,cc1959 [ Printing1963] a256 p. ;c22 cm. aIncludes index 0aSocial sciencesxBibliography. aHoselitz, Bert F. , ed.  aBlau, Peter M. ...[et al.], jt. ed.